La educación de los sentidos desde el pensamiento de Xavier Zubiri: un estudio noológico

Guardat en:
Dades bibliogràfiques
Autor principal: Antolínez Camargo, Rafael (Autor)
Format: Llibre
Idioma:espanyol
Publicat: Bogotá Universidad Santo Tomás 2009
Edició:1a. ed
Col·lecció:Biblioteca Colombiana de Filosofía
Matèries:
Etiquetes: Afegir etiqueta
Sense etiquetes, Sigues el primer a etiquetar aquest registre!

MARC

LEADER 00000cam a2200000 a 4500
001 UCB0101
003 CL-VaPUC
005 20230615074428.0
008 191206e20090000ck spa d
020 |a 9789586315821 
082 0 4 |a 121  |b ANT  |2 21 
100 1 |a Antolínez Camargo, Rafael  |e author  |9 605411 
245 1 3 |a La educación de los sentidos desde el pensamiento de Xavier Zubiri: un estudio noológico 
250 |a 1a. ed 
260 |a Bogotá  |b Universidad Santo Tomás  |c 2009 
300 |a 225 p 
490 0 |a Biblioteca Colombiana de Filosofía 
583 |a last modification  |c 20191206 10:52:00  |k Rodrigo Vera 
650 0 0 |a Teoría del conocimiento   |9 255038 
650 0 0 |a Sentidos  |9 266023 
650 0 0 |a Pensamiento  |9 307612 
942 |c BK 
945 |a dcastane  |d 20191206 10:52:00 
999 |c 376323  |d 376321 
952 |0 0  |1 0  |3 erb  |4 0  |6 121_000000000000000_ANT_2009  |7 0  |8 A  |9 495700  |a BIBTEO  |b BIBTEO  |i 5608015  |o 121 ANT 2009  |p 5608015  |r 2025-01-17  |w 2020-01-06  |y BK  |z Catalogado en:20191206  |k ICR